20 Highest Grossing 90s Movies - Statistics

General Stats
  • This quiz has been taken 85 times
  • The average score is 8 of 20
Answer Stats
Hint Answer % Correct
$2201.6 Mil Titanic
93%
$1099.4 Mil Jurassic Park
70%
$678.2 Mil Forrest Gump
57%
$1063.6 Mil The Lion King
55%
$504.1 Mil Aladdin
46%
$520.9 Mil Terminator 2: Judgment Day
45%
$817.4 Mil Independence Day
42%
$1027.0 Mil Star Wars: Episode I - The Phantom Menace
42%
$553.7 Mil Armageddon
39%
$481.8 Mil Saving Private Ryan
39%
$463.5 Mil Matrix
30%
$589. 4 Mil Men in Black
30%
$457.7 Mil Mission: Impossible
30%
$476.7 Mil Home Alone
29%
$672.8 Mil The Sixth Sense
28%
$505.7 Mil Ghost
26%
$497.4 Mil Toy Story 2
26%
$618.6 Mil The Lost World: Jurassic Park
24%
$494.5 Mil Twister
20%
$463.4 Mil Pretty Woman
16%
No matching quizzes found
Score Distribution
Percent of People with Each Score
Percentile by Number Answered
Your Score History
You have not taken this quiz